Coordenadas para un crimen /

Un sábado soleado, ¡día perfecto para ir a pescar! Dos amigos: Tonio y Fran. Y bueno...también Vicky que, para fastidio de Fran y alegría de Tonio, se vuelve inseparable. Un GPS que los lleva por caminos equivocados. Y un laberinto de pistas que deberán desentrañar antes de que sea demasiado tarde....

Descripción completa

Guardado en:
Autor Principal: Falconi, María Inés.
Formato: Libro
Idioma:Undetermined
Publicado: Buenos Aires : Montena, 2021.
Edición:4a ed.
Series:Infinita
Materias:
Etiquetas: Agregar Etiqueta
Sin Etiquetas, Sea el primero en etiquetar este registro!
LEADER 00939nam a22002175a 4500
001 CEM.cems024927
008 251006s2021####ag############000#0#und#d
005 20251006185248.0
245 1 0 |a Coordenadas para un crimen /  |c María Inés Falconi. 
250 |a 4a ed. 
260 |a Buenos Aires :  |b Montena,  |c 2021. 
300 |a 314 p. 
490 1 |a Infinita 
520 |a Un sábado soleado, ¡día perfecto para ir a pescar! Dos amigos: Tonio y Fran. Y bueno...también Vicky que, para fastidio de Fran y alegría de Tonio, se vuelve inseparable. Un GPS que los lleva por caminos equivocados. Y un laberinto de pistas que deberán desentrañar antes de que sea demasiado tarde. 
020 |a 9789871783830 
100 1 |a Falconi, María Inés. 
653 |a Literatura infantil y juvenil 
653 |a Literatura argentina 
653 |a Novela juvenil 
653 |a Novela argentina 
859 |a CEMS  |b BIB. CEMS - 11 de abril  |h A863.4  |i F181-5  |p 30444.25  |t Ej.1